00814nam a22002177a 450000500170000001000150001702000260003203500140005803700090007208200130008110000230009424501060011725000060022326000430022927000640027230000200033670000400035694200270039699900190042395201540044220241001154242.0 aENG-141870 a9788196403966c795.00 aEN-125402 bDBAD a070.421 aMegha Singh972276 aLeftist Punjabi Journalism And Naxalbari Movement/cBy Megha Singh [and] Translated By Parvesh Sharma a1 aNew DelhibHar Anand Publicationc2023 aE-49/3, Okhla Industrial Area, Phase-II,bNew Delhie110020 a248p.c22cm(pb) aSharma, Parvesh eTranslated972277 2ddccENh070.4mMEGe1 c206060d206060 001040708NFICaBNbBNd2024-10-01eDelivery of Books Act Divisiong795.00l0o070.4 MEGpEN-125402r2024-10-01 00:00:00t1v795.00w2024-10-01yEN